zpět

Detail výsledku týmu

U Dvou dobráků PO, Opava

Datum a čas kvízu

21 Celkem bodů Celkový počet nahraných bodů na tomto kvízu bez doplňovacích otázek.
5. Pořadí na kvízu Konečné umístění týmu na tomto kvízu.

Zaznamenané odpovědi

# Otázka Odpověď Body Výsledky
1. Hnutí ANO hrozí pokuta kvůli n... Pojď do mě! 0
2. Velká Británie minulý týden de... po 47 letech (42–52) 1
3. Letošní ceny Grammy ovládla ml... Billie Eilish 1
4. V pátek vstoupilo v platnost o... zákaz předjíždění pro kamiony 1
5. Hokejový brankář Patrik Bartoš... MODO (Hockey) 0
6. Co všechno může být ztracené?... Jantarová komnata 0
7. Vzpomenete si na seriál Ztrace... lední medvěd 1
8. "Ne každé zlato třpytívá se, n... Bilbo Pytlík 0
9. Jak se jmenuje rozsáhlá epická... Ztracený ráj (Paradise Lost) 0
10. Jako Zázrak v Andách se někdy... ragby 1